<?xml version="1.0" encoding="UTF-8"?>
<record
    xmlns:xsi="http://www.w3.org/2001/XMLSchema-instance"
    xsi:schemaLocation="http://www.loc.gov/MARC21/slim http://www.loc.gov/standards/marcxml/schema/MARC21slim.xsd"
    xmlns="http://www.loc.gov/MARC21/slim">

  <leader>00458nam a22001217a 4500</leader>
  <datafield tag="082" ind1=" " ind2=" ">
    <subfield code="a">343.5491054</subfield>
    <subfield code="b">IRF</subfield>
  </datafield>
  <datafield tag="100" ind1=" " ind2=" ">
    <subfield code="a">Irfan Ul Haq, Muhammad </subfield>
  </datafield>
  <datafield tag="245" ind1=" " ind2=" ">
    <subfield code="a">Manual of Land Revenue Laws:</subfield>
    <subfield code="b">west Pakistan | Punjab | Sindh | Baluchistan and Khyber Pakhtunkhwa with all amendments and up to date case laws /</subfield>
    <subfield code="c">Muhammad Irfan Ul Haq</subfield>
  </datafield>
  <datafield tag="260" ind1=" " ind2=" ">
    <subfield code="a">Lahore :</subfield>
    <subfield code="b">Al-Haq Law Book Center,</subfield>
    <subfield code="c">2022.</subfield>
  </datafield>
  <datafield tag="300" ind1=" " ind2=" ">
    <subfield code="a">1282 p. ;</subfield>
    <subfield code="c">24 cm.</subfield>
  </datafield>
  <datafield tag="563" ind1=" " ind2=" ">
    <subfield code="a">HBK.</subfield>
  </datafield>
  <datafield tag="942" ind1=" " ind2=" ">
    <subfield code="2">ddc</subfield>
    <subfield code="c">BK</subfield>
  </datafield>
  <datafield tag="999" ind1=" " ind2=" ">
    <subfield code="c">592419</subfield>
    <subfield code="d">592419</subfield>
  </datafield>
  <datafield tag="952" ind1=" " ind2=" ">
    <subfield code="0">0</subfield>
    <subfield code="1">0</subfield>
    <subfield code="2">ddc</subfield>
    <subfield code="4">0</subfield>
    <subfield code="6">343_549105400000000_IRF</subfield>
    <subfield code="7">0</subfield>
    <subfield code="9">583933</subfield>
    <subfield code="a">NLS</subfield>
    <subfield code="b">NLS</subfield>
    <subfield code="c">LAW</subfield>
    <subfield code="d">2022-11-20</subfield>
    <subfield code="e">Pakistan Law House</subfield>
    <subfield code="o">343.5491054 IRF</subfield>
    <subfield code="p">CL-1341</subfield>
    <subfield code="r">2022-11-20</subfield>
    <subfield code="w">2022-11-20</subfield>
    <subfield code="y">BK</subfield>
  </datafield>
  <datafield tag="952" ind1=" " ind2=" ">
    <subfield code="0">0</subfield>
    <subfield code="1">0</subfield>
    <subfield code="2">ddc</subfield>
    <subfield code="4">0</subfield>
    <subfield code="6">343_549105400000000_IRF</subfield>
    <subfield code="7">0</subfield>
    <subfield code="9">583934</subfield>
    <subfield code="a">NLS</subfield>
    <subfield code="b">NLS</subfield>
    <subfield code="c">LAW</subfield>
    <subfield code="d">2022-11-20</subfield>
    <subfield code="e">Pakistan Law House</subfield>
    <subfield code="o">343.5491054 IRF</subfield>
    <subfield code="p">CL-1342</subfield>
    <subfield code="r">2022-11-20</subfield>
    <subfield code="w">2022-11-20</subfield>
    <subfield code="y">BK</subfield>
  </datafield>
</record>
